000 00821nas a2200241 a 4500
001 69205
003 BD-RjUL
005 20211209081847.0
008 781207s1979 enk x 0 a0eng
035 _a(BD-RjUL)69416
040 _aDLC
_cNIC
_dDLC
_dOCoLC
_dNSDP
_dNST
_dOCoLC
_dNST
_dMH
_dDLC
_dNST
_dNLGGC
_dNIALS
_dOCoLC
_dBD-RjUL
_beng
041 _aeng
082 0 0 _223
_a307.76
_bGEO 1979
245 1 0 _aGeography and the urban environment :
_b progress in research and applications /
_c David T Herbert; Ronald John Johnston
260 _aChichester,
_aNew York,
_bJohn Wiley,
_c1978-84.
300 _a v. :
_bill. ;
_c24 cm.
505 _aV. 2 --
650 0 _aCities and towns
_9205045
700 _aHerbert, David T
_9205046
700 _aJohnston, Ronald John
_9205047
942 _2ddc
_cBK
999 _c69205
_d69205